Vista normal Vista MARC

Entrada Topical Term

Número de registros utilizados en: 1

001 - CONTROL NUMBER

  • control field: 38636

003 - CONTROL NUMBER IDENTIFIER

  • control field: OSt

005 - DATE AND TIME OF LATEST TRANSACTION

  • control field: 20210722103224.0

008 - FIXED-LENGTH DATA ELEMENTS

  • fixed length control field: 210722|| aca||aabn | a|a d

040 ## - CATALOGING SOURCE

  • Original cataloging agency: OSt
  • Transcribing agency: OSt

150 ## - HEADING--TOPICAL TERM

  • Topical term or geographic name entry element: Cajas de conversión

670 ## - SOURCE DATA FOUND

  • Source citation: Work cat.: (OSt)11968: Mishkin, Frederic S., autor 26929, Moneda, banca y mercados financieros / , 2014.